[Event "Hamburg St Pauli op-B"]
[Site "Hamburg"]
[Date "2013.07.08"]
[Round "3"]
[White "Sprogies, Joern"]
[Black "Harms, Friedjof"]
[Result "0-1"]
[WhiteElo "1141"]
[BlackElo "1874"]
[PlyCount "42"]
[EventDate "2013.07.06"]
[EventType "swiss"]
[EventRounds "9"]
[EventCountry "GER"]
[SourceTitle "EXT 2014"]
[Source "ChessBase"]
[SourceDate "2013.11.20"]
[SourceVersion "1"]
[SourceVersionDate "2013.11.20"]
[SourceQuality "1"]

1. d4 Nf6 2. c4 c5 3. d5 b5 4. b3 bxc4 5. bxc4 Ba6 6. Nd2 Qa5 7. Qc2 g6 8. Bb2 Bg7 9. Bxf6 Bxf6 10. Rc1 d6 11. e3 Nd7 12. Kd1 Rb8 13. Nb3 Qa3 14. Rb1 0-0 15. Qc1 Qxa2 16. Qc2 Qxc2+ 17. Kxc2 Nb6 18. Na5 Nxd5 19. cxd5 Rxb1 20. Kxb1 Bxf1 21. Nc6 Bxg2 0-1